00553nam a2200193Ia 450000500170000000800410001702000150005804000180007304100080009108200220009910000200012124500560014125000120019726000470020930000240025665000190028065000280029965000320032720221118111032.0210716s1979 xx 000 0 und d a8120304179 cAIMIT LIBRARY aeng a621.392 21bMANM aMano, M Morris. aDigital logic and computer design /cM Morris Mano. a1st ed. aNew Delhi :bPHI Learning Pvt Ltd ,c1979. axii,612p. ;c23 cm. aBinary Systems aRegister transfer logic aDigital integrated circuits